| 000 | 00515nam a22001577a 4500 | ||
|---|---|---|---|
| 008 | 150108b xxu||||| |||| 00| 0 eng d | ||
| 020 | _a9789966088307 | ||
| 050 | _aP96.M4 S736 | ||
| 100 |
_aSpadaro, Antonio _913612 |
||
| 245 |
_aMedia Training in Africa Web 2.0 _brelationships in the internet age _cAntonio Spadaro |
||
| 260 |
_aNairobi _bPaulines Publishing Africa _c2014 |
||
| 300 |
_a96p. ; _c21cm. |
||
| 440 |
_aMedia training in Africa _913613 |
||
| 650 |
_aMedia _xtraining _913614 |
||
| 942 |
_2lcc _cMONOGRAPH |
||
| 999 |
_c121556 _d121556 |
||